Quizzes
Events
Quiz Creation
Community
Videos
Private Events
Remove Ads
Sign In
Join for FREE
Feedback
Dark Mode
Quiz Categories
Sports
Geography
Music
Movies
Television
Just For Fun
Miscellaneous
History
Literature
Language
Science
Gaming
Entertainment
Religion
Holiday
For Kids
Quiz Lab
Recent
Popular Today
Quiz Kudos Today
Editor Picks
Curator Picks
Quizzes by...
Day
Popularity
Type
Ratings
Length
Year
Community
Subscriptions
Recent Discussions
Orange Saloon
Badges
Playlists
Quests
Create
Leaderboards
Showdown
Live 5
Trivia Bingo
Activity
Puzzle Library
Sporcle Events
Private Events
Virtual Trivia
Globe League
Become a Host
Pub Owners
SporcleCon
Opinionation
Our Games
Videos
Blog
Mobile Apps
Partnerships
Remove Ads and Go Orange
Feedback
Science
Computer
Plants
Astronomy
Chemistry
Elements
Math
Animal
Physics
Anatomy
Biology
Geology
General Science
Science
Computer
Plants
Astronomy
Chemistry
Elements
Math
Animal
Physics
Anatomy
Biology
Geology
General Science
Random Quiz
Search Sporcle
×
Quiz Lab
Quiz Lab
Science
description
Select answers by clicking on text or image buttons
Select answers by clicking on text or image buttons
Clickable
Best Score? Go Orange.
Ovarian Cyst and tumour Types Stats
Can you pick the Ovarian Cyst and Tumour Types?
By
YarrahGoffincher
10m
20 Questions
22 Plays
22 Plays
22 Plays
Comments
Comments
Give Quiz Kudos
Give Quiz Kudos
-
- Ratings
hide this ad
Forced Order
Answers have to be entered in order
Answers have to be entered in order
Replay
Link that replays current quiz
Next Quiz
Link to next quiz in quiz playlist
You Got
0%
They Got
Avg Score
46%
Avg Friend Score
Upgrade to see
Score Distribution
Jump to the score distribution portion of the page
Score
0/20
Timer
10:00
0
Plays Today
% Correct
Polycystic ovary syndrome
72.7%
Sertoli-Leydig Cell Tumour
68.2%
Ovarian Fibroma
63.6%
Borderline tumour
59.1%
Serous adenocarcinoma
59.1%
Mature teratoma
59.1%
Immature teratoma
59.1%
Endometrioid adenocarcinoma
54.5%
Dysgerminoma
54.5%
Serous Adenoma
50%
% Correct
Granulosa Cell Tumour
50%
Follicle Cyst
45.5%
Yolk sac tumour
45.5%
Corpus Luteum Cyst
36.4%
Clear cell adenocarcinoma
36.4%
Mucinous Adenoma
31.8%
Transitional cell tumour
27.3%
mucinous cystadenocarcinoma
18.2%
Thecoma
18.2%
Theca Lutein Cyst
13.6%
Quiz Playlist
Details
Report
Send in Message
Add To Playlist
Clickable:
Select answers by clicking on text or image buttons
Forced Order:
Answers have to be entered in order
Last Updated: Feb 16, 2017
Quiz Scoreboard
CHALLENGE
Sign Up to Join the Scoreboard
Show All
Scores
Hide
Comments
May contain spoilers
Recently Published
Billboard Blitz: Fleetwood Mac
by CooCooCachoo
Music
15s
Presidents Visiting Landmarks
by Hejman
History
7m
An Introduction to Baseball
by treessimontrees
Sports
5m
More to Explore
Quiz From the Vault
Featured Blog Post
Where Did the Easter Bunny Come From?
hide this ad
You Might Also Like...
Tags
description
Today's Top Quizzes in Science
Browse Science
hide this ad
Today's Top Quizzes in description
Browse description
Top Contributed Quizzes in Science
1
Quick Pick: Radians
2
Quick Pick: 'CI-CJ' Animals
3
The First 100 Digits of Pi
4
Elements In Images
5
Name the Acid, Base or Salt
6
One Thing in Common: Science
7
Science Jokes
8
One Thing in Common: Science III
9
One Thing in Common: Animals
10
One Thing in Common: Science II
Explore More
Trending Topics
Marvel
Disney
Anime
Crossword
Kpop
NBA
Harry Potter
Song
NFL
Soccer
Pokémon
Country
Puzzle
The Office
WWE
hide this ad
More By:
YarrahGoffincher
Quiz
Plays
Rating
Category
Featured
Created
APGAR score
5,507
4.00
Science
Jun 19, 2013
Antibiotic Classes and their spectrum of Activity
1,629
Science
Jun 28, 2012
ECG heart and cardiac territories
319
Science
Feb 4, 2014
Genetic Syndrome
177
Science
Nov 24, 2012
Developmental Milestones - speech and language
171
Science
May 17, 2022
Go to Creator's Profile
Score Distribution
Quiz Creator Spotlight
YarrahGoffincher
Follow
Send a Message
Quizzes Created
-
Created Quiz Play Count
-
More By This Creator
Popular Quizzes Today
1
Find the US States - No Outlines Minefield
2
Find the Countries of Europe - No Outlines Minefield
3
The Countries of the World
4
Find the US States
5
US States
6
Popular People in 1961
7
Risky Map Clicking: Biggest States A-Z
8
Movies - When Are They Set?
More Science Quizzes
Does That Animal Live in North America?
Published
Trending Quizzes
Risky Map Clicking: Least Populous States A-Z
1-10 Letter G Words
1-10 Letter F Words
Risky Map Clicking: Next State Alphabetically
Risky Map Clicking: Biggest States A-Z
Recently Updated
Leaping Animals
pecheneg
Reality TV Shows (A-Z)
bhenderson79
Rickey Henderson's Hall of Fame Teammates
pecheneg
Champions League XIs: Arsenal
pecheneg
Quick Pick: Celebrities in WWE's Hall of Fame
aduchscher
A-Z Keypad Blitz II
pecheneg
Multiple Oscar Actors
pecheneg
Mystery Phrase Blitz: Oscar 'Best Actors'
pecheneg
F. Scott Fitzgerald Novels
LTH
Pick 3 Villains
ddd62291
Trending Topics
Disney
Anime
Crossword
Marvel
NBA
Kpop
Harry Potter
Puzzle
The Office
Country
Soccer
NFL
Song
WWE
Pokémon
Your Account Isn't Verified!
In order to create a playlist on Sporcle, you need to verify the email address you used during registration. Go to your
Sporcle Settings
to finish the process.
Report this User
Report this user for behavior that violates our
Community Guidelines
.
Details:
Send Report
Go to the Sporcle.com Mobile Site →
Comments